| 000 | 00974cam a22003015i 4500 | ||
|---|---|---|---|
| 999 |
_c20815 _d20787 |
||
| 001 | 009380888 | ||
| 003 | EG-ScBUE | ||
| 005 | 20210201112721.0 | ||
| 008 | 040223s2013 enk g 000 f eng d | ||
| 020 | _a0007156103 (pbk) | ||
| 020 | _a9780007156108 (pbk) | ||
| 040 |
_aIeDuTC _beng _erda _cIeDuTC _dUk _dEG-ScBUE |
||
| 082 | 0 | 4 |
_a813.6 _bWEI _222 |
| 100 | 1 |
_aWeisberger, Lauren, _d1977- _eauthor. _938460 |
|
| 245 | 1 | 4 |
_aThe devil wears Prada / _cLauren Weisberger. |
| 264 | 1 |
_aLondon : _bHarper / HarperCollins Publishers, _c2013. |
|
| 300 |
_a391 pages ; _c20 cm |
||
| 336 |
_atext _btxt _2rdacontent |
||
| 337 |
_aunmediated _bn _2rdamedia |
||
| 338 |
_avolume _bnc _2rdacarrier |
||
| 650 | 7 |
_aPeriodicals _xPublishing _vFiction _2BUEsh |
|
| 650 | 7 |
_aFashion editors _vFiction. _2BUEsh |
|
| 650 | 7 |
_aWomen editors _vFiction. _2BUEsh |
|
| 651 | _2BUEsh | ||
| 653 |
_bHHUUEENN _cSeptember2015 _cOctober2015 _dBestSellers |
||
| 655 |
_vReading book _934232 |
||
| 942 |
_2ddc _cBB |
||